Prophets of the Bahá'í faith - Statistics

General Stats
  • This quiz has been taken 44 times
  • The average score is 16 of 36
Answer Stats
Hint Answer % Correct
First human being Adam
93%
His cousin, religious leader sentenced to crucifixion Jesus Christ
90%
Founder of Islam Muhammad
90%
Prophet during the flood Noah
86%
Hebrew patriarch of the Western religions Abraham
83%
Prophet active in the Jordan river John
76%
His brother and liberator of slaves in Egypt Moses
76%
5th century south Asian religious teacher Buddha
72%
King of Ancient Israel and Judea David
66%
Main patriarch of the Israelites Isaac
59%
Forefather of the Israelites, to whom he gave his name Jacob
59%
His successor who built the 1st temple in Jerusalem Solomon
59%
Founder of the religion Bahá'u'lláh
52%
Parangon of Chinese Sages Confucius
52%
Devout man despite horrible odds Job
48%
Survivor of Sodom and Gomorrah Lot
48%
His son that went to Egypt Joseph
45%
Eighth avatar of Vishnu Krishna
45%
Was thrown among the lions Daniel
38%
Jewish high priest Aaron
34%
XIXth century Iranian religious leader Báb
34%
Ancient Iranian religious reformer Zarathustra
34%
Patriarch before the Flood Enoch
31%
Prophet swallowed by a sea creature Jonas
31%
Named "the Prophet" in his own book Isaiah
28%
The weeping prophet Jeremiah
28%
Prophet of the destruction of Jerusalem Ezekiel
24%
Messenger of pre-islamic Arabia Hūd / Eber
24%
Cousin of the precedent and Ancestor of the Arabs Ismael
24%
Defender of the Faith in Northern Judea Elijah
21%
His successor who reached Judea Joshua
21%
Prophet of the Arabic tribe of Thamud Saleh
17%
Most revered prophet of the Druzes Shu'ayb
10%
His name means "God is God" Joel
3%
Prophet of a south Arabian people Sabeans'
3%
Prophet during the building of the Second Temple Zechariah
3%
No matching quizzes found
Score Distribution
Percent of People with Each Score
Percentile by Number Answered
Your Score History
You have not taken this quiz